000 00423pab a2200169 454500
008 180718b2010 xxu||||| |||| 00| 0 eng d
100 _aNair, Yogesh
245 _aCareer mobility and job satisfaction in the Indian army: A perspective
260 _c2010
300 _a495-502.
362 _aOct-Dec
650 _aJob satisfaction
650 _aArmed forces
773 _aUSI Journal
908 _aN
909 _a91012
999 _c91012
_d91012